Statistics for Best Selling Musical Artists by Sales

Click here to take the quiz!

General Stats

  • This quiz has been taken 148 times
  • The average score is 8 of 16

Answer Stats

HintAnswer% Correct
400 millionMichael Jackson
88%
600 millionThe Beatles
86%
500 - 600 millionElvis Presley
73%
275 - 300 millionMadonna
70%
200 millionThe Rolling Stones
65%
250 millionLed Zeppelin
61%
250 millionPink Floyd
55%
250 - 300 millionElton John
50%
150 - 200 millionQueen
49%
150 - 200 millionAC/DC
44%
170 - 200 millionWhitney Houston
39%
220 millionMariah Carey
38%
200 millionCeline Dion
36%
200 millionABBA
32%
150 millionEagles
26%
150 millionGarth Brooks
23%

Score Distribution

Percentile by Number Answered

Percent of People with Each Score

Your Score History

You have not taken this quiz